Sports Quiz

Random Sports Quiz

120 walks in a season 1950-2009 Quiz Stats

 Plays Quiz not verified by Sporcle

Challenge
Share
Tweet
Embed
Score 0/92 Timer 10:00
0 Plays Today
Year Player % Correct
1992Barry Bonds
100%
1993Barry Bonds
100%
1995Barry Bonds
100%
1996Barry Bonds
100%
1997Barry Bonds
100%
1998Barry Bonds
100%
2001Barry Bonds
100%
2002Barry Bonds
100%
2003Barry Bonds
100%
2004Barry Bonds
100%
2007Barry Bonds
100%
1957Mickey Mantle
90%
1958Mickey Mantle
90%
1961Mickey Mantle
90%
1962Mickey Mantle
90%
1998Mark McGwire
87.5%
1999Mark McGwire
87.5%
1951Ted Williams
84.2%
1954Ted Williams
84.2%
1991Frank Thomas
70%
1992Frank Thomas
70%
1995Frank Thomas
70%
1989Rickey Henderson
69.2%
1993Rickey Henderson
69.2%
1996Rickey Henderson
69.2%
1996Jim Thome
67.5%
1997Jim Thome
67.5%
1999Jim Thome
67.5%
2002Jim Thome
67.5%
1979Mike Schmidt
65.8%
1983Mike Schmidt
65.8%
Year Player % Correct
1996Jeff Bagwell
63.3%
1997Jeff Bagwell
63.3%
1999Jeff Bagwell
63.3%
1967Harmon Killebrew
62.5%
1969Harmon Killebrew
62.5%
1970Frank Howard
62.5%
1970Harmon Killebrew
62.5%
1969Willie McCovey
58.3%
1970Willie McCovey
58.3%
2004Todd Helton
57.5%
1988Wade Boggs
53.3%
1974Joe Morgan
51.7%
1975Joe Morgan
51.7%
2000Jason Giambi
51.7%
2001Jason Giambi
51.7%
2003Jason Giambi
51.7%
1970Carl Yastrzemski
50%
2002Adam Dunn
46.7%
2008Adam Dunn
46.7%
1973Darrell Evans
42.5%
1974Darrell Evans
42.5%
1996Edgar Martinez
42.5%
2000Carlos Delgado
39.2%
1996Gary Sheffield
37.5%
1997Gary Sheffield
37.5%
2004Lance Berkman
37.5%
1961Norm Cash
35.8%
1987Jack Clark
35.8%
1989Jack Clark
35.8%
1999Chipper Jones
35.8%
1963Eddie Mathews
33.3%
Year Player % Correct
1950Eddie Yost
30%
1950Ralph Kiner
30%
1951Ralph Kiner
30%
1951Eddie Yost
30%
1952Eddie Yost
30%
1953Eddie Yost
30%
1954Eddie Yost
30%
1956Eddie Yost
30%
1959Eddie Yost
30%
1960Eddie Yost
30%
2004Bobby Abreu
23.3%
2006Bobby Abreu
23.3%
1999John Olerud
22.5%
1969Jim Wynn
21.7%
1976Jim Wynn
21.7%
1952Eddie Joost
19.2%
1993Lenny Dykstra
19.2%
1950Eddie Stanky
16.7%
1951Eddie Stanky
16.7%
1954Richie Ashburn
13.3%
1993Tony Phillips
13.3%
1996Tony Phillips
13.3%
1977Gene Tenace
12.5%
2002Brian Giles
12.5%
1992Mickey Tettleton
10.8%
1973Ken Singleton
10%
1950Ferris Fain
8.3%
1979Darrell Porter
6.7%
1987Von Hayes
6.7%
1973John Mayberry
5.8%

You're not logged in!

Compare scores with friends on all Sporcle quizzes.
Join for Free
OR
Log In

You Might Also Like...

Show Comments

Extras

Created Aug 9, 2010ReportFavoriteNominate

Top Quizzes Today


Score Distribution

Your Account Isn't Verified!

In order to create a playlist on Sporcle, you need to verify the email address you used during registration. Go to your Sporcle Settings to finish the process.

Report this User

Report this user for behavior that violates our Community Guidelines.

Details: